000 00621nam a2200217 a 4500
001 14376
003 BD-RjUL
005 20211208235621.0
008 140205s1996 mau 000 0 eng d
020 _a0201895226
035 _a(BD-RjUL)
040 _aUkOxU
_beng
_cUkOxU
_dBD-RjUL
041 _aeng
082 _221
_a942
_bWAA 1996
100 1 _aWalter, Teresa.
_944857
245 1 0 _aAmazing English!. :
_pHow-to handbook /
_cTeresa Walter.
260 _aReading, Mass. :
_bAddison-Wesley,
_cc1996.
300 _avii, 117 p. :
_bill. ;
_c28 cm.
650 0 _aNational characteristics
_944858
_vEnglish.
942 _2ddc
_cBK
999 _c14376
_d14376